Statystyki dla 30 najmniejszych państw i terytoriów na świecie

Kliknij tutaj aby rozwiązać quiz!

Ogólne statystyki

  • Ten quiz został rozwiązany 63 razy
  • Średni wynik to 5 z 30

Statystyki odpowiedzi

PowierzchniaKontynent/regionPaństwo/terytorium% Poprawnych
0,44 km2EuropaWatykan
98%
2,02 km2EuropaMonako
75%
21 km2OceaniaNauru
75%
26 km2OceaniaTuvalu
69%
6 km2EuropaGibraltar
22%
36 km2OceaniaNorfolk
22%
29,5 km2AzjaMakau
20%
47 km2OceaniaPitcairn
20%
54 km2Ameryka PółnocnaBermudy
18%
12 km2OceaniaTokelau
16%
54 km2KaraibySaint-Martin
15%
14 km2OceaniaWyspy Kokosowe
13%
6,5 km2OceaniaWake
9%
60 km2AzjaBrytyjskie Terytorium Oceanu Indyjskiego
7%
13 km2KaraibySaba
7%
21 km2KaraibySaint-Barthelemy
7%
10 km2OceaniaMidway
5%
21 km2KaraibySint Eustatius
5%
34 km2KaraibySint Maarten
5%
1,64 km2OceaniaBaker
4%
1,6 km2OceaniaHowland
4%
4,5 km2OceaniaJarvis
4%
12 km2OceaniaPalmyra
4%
2,63 km2OceaniaJohnston
2%
0,01 km2OceaniaKingman
2%
5,2 km2KaraibyNavassa
2%
49 km2AntarktykaWyspa Bouveta
2%
6 km2Ameryka PółnocnaWyspa Clippertona
2%
5 km2OceaniaWyspy Ashmore i Cartiera
2%
3 km2OceaniaWyspy Morza Koralowego
2%

Rozkład punktacji

Percentyl według liczby udzielonych odpowiedzi

Procent ludzi z każdym wynikiem

Twoja historia wyników

Nie rozwiązałeś tego quizu